Meranie dynamických posunov pomocou univerzálnych meracích staníc

Salvato in:
Dettagli Bibliografici
Autore principale: Cmarko, Pavol (Autore)
Altri autori: Lipták, Imrich (Relatore della tesi)
Natura: Manoscritto Libro
Lingua:slovacco
Pubblicazione: 2015
Soggetti:
Accesso online:http://is.stuba.sk/zp/portal_zp.pl?podrobnosti=98842
https://opac.crzp.sk/?fn=detailBiblioForm&sid=D6D76FDBEB5D0472D87DC9D57304
Tags: Aggiungi Tag
Nessun Tag, puoi essere il primo ad aggiungerne!!

MARC

LEADER 00000ntm a22000003a 4500
001 stuzp51173
003 SK-STU
005 20230809133307.1
007 ta
008 150427s2015----xo-----f-mn---000-0-slo-d
040 |a STU  |b slo 
041 0 |a slo 
100 1 |a Cmarko, Pavol  |u 010140  |4 aut  |U SvF Stavebná fakulta  |T SvF Katedra geodézie  |X 54894  |U V140  |Y 14  |7 54894 
242 0 1 |a Measurement of dynamic displacements using a total stations  |y eng 
245 1 0 |a Meranie dynamických posunov pomocou univerzálnych meracích staníc 
260 |c 2015 
650 4 |a dynamické posuny  |2 slo 
650 4 |a automatizované meranie  |2 slo 
650 4 |a Leica TS30  |2 slo 
650 4 |a automated measurement  |2 eng 
650 4 |a Leica TS30  |2 eng 
650 4 |a dynamic displacements  |2 eng 
700 1 |a Lipták, Imrich  |4 ths  |X 23484  |7 A000023484 
856 4 |u http://is.stuba.sk/zp/portal_zp.pl?podrobnosti=98842 
856 4 |u https://opac.crzp.sk/?fn=detailBiblioForm&sid=D6D76FDBEB5D0472D87DC9D57304 
SQL |a stuzp51173  |b DBP  |c SLO  |d Meranie dynamických posunov pomocou univerzálnych meracích staníc  |e 54894  |f Cmarko, Pavol  |g 010140  |h 23484  |i Lipták, Imrich  |j 20150622  |k 358  |l 01  |m http://is.stuba.sk/zp/portal_zp.pl?podrobnosti=98842  |n B-GAK  |o 5.1.3. geodézia a kartografia